000 00277nam a22001217a 4500
008 170621b xxu||||| |||| 00| 0 eng d
041 _aeng
080 _a94
100 _a18
101 _aSHP
245 _aGREAT SHORT STORIWS OF THE WORLD
_cTHUMLUTH.R
942 _2udc
_cBK
999 _c18390
_d18390